| 000 | 00522nam a2200181 a 4500 | ||
|---|---|---|---|
| 005 | 20210219153117.0 | ||
| 008 | 991125n 000 0 u | ||
| 035 | _aUPN01000078730 | ||
| 100 | 1 | _aHenry, Mary Elisabeth | |
| 222 | _aGIFTED EDUCATION INTERNATIONAL | ||
| 245 | _aExpectations of teachers and students : a gifted classroom observed | ||
| 300 | _a69-75 | ||
| 362 | 0 | _a1991 Vol. 7, no. 2 | |
| 653 | 0 | _aAMBIENTE ESCOLAR | |
| 653 | 0 | _aINTERACCION MAESTRO-ALUMNO | |
| 904 |
_aAC _b016541 |
||
| 905 | _aArticulo | ||
| 999 |
_c68710 _d68710 |
||